Computer System Architecture (Record no. 23945)
[ view plain ]
| 000 -LEADER | |
|---|---|
| fixed length control field | 00193nam a22000737a 4500 |
| 003 - CONTROL NUMBER IDENTIFIER | |
| control field | Nust |
| 005 - DATE AND TIME OF LATEST TRANSACTION | |
| control field | 20170227124512.0 |
| 008 - FIXED-LENGTH DATA ELEMENTS--GENERAL INFORMATION | |
| fixed length control field | 140428b xxu||||| |||| 00| 0 eng d |
| 020 ## - INTERNATIONAL STANDARD BOOK NUMBER | |
| Terms of availability | Available |
| International Standard Book Number | 8120308557 |
| 040 ## - CATALOGING SOURCE | |
| Original cataloging agency | DLC |
| Language of cataloging | DLC |
| Transcribing agency | RCMS |
| 082 ## - DEWEY DECIMAL CLASSIFICATION NUMBER | |
| Edition number | 3rd,ed. |
| Classification number | 004.22 MAN |
| 100 ## - MAIN ENTRY--PERSONAL NAME | |
| Personal name | Mano, M. Morris, |
| 245 ## - TITLE STATEMENT | |
| Title | Computer System Architecture |
| Statement of responsibility, etc. | Mano, M. Morris, |
| 250 ## - EDITION STATEMENT | |
| Edition statement | 3rd,ed. |
| 260 ## - PUBLICATION, DISTRIBUTION, ETC. | |
| Place of publication, distribution, etc. | New Delhi (India) |
| Name of publisher, distributor, etc. | Prentice-Hall |
| Date of publication, distribution, etc. | c2005 |
| 300 ## - PHYSICAL DESCRIPTION | |
| Extent | xiii, 525 p. : |
| Other physical details | ill. ; |
| Dimensions | 26 cm. |
| 650 ## - SUBJECT ADDED ENTRY--TOPICAL TERM | |
| Topical term or geographic name entry element | Computer System Artchitecture |
| 856 ## - ELECTRONIC LOCATION AND ACCESS | |
| Materials specified | Table of contents only |
| Uniform Resource Identifier | <a href="http://www.loc.gov/catdir/toc/ecip0716/2007017469.html">http://www.loc.gov/catdir/toc/ecip0716/2007017469.html</a> |
| 942 ## - ADDED ENTRY ELEMENTS (KOHA) | |
| Source of classification or shelving scheme | |
| Koha item type | Book |
| Withdrawn status | Lost status | Source of classification or shelving scheme | Damaged status | Not for loan | Permanent Location | Current Location | Shelving location | Date acquired | Full call number | Barcode | Date last seen | Price effective from | Koha item type |
|---|---|---|---|---|---|---|---|---|---|---|---|---|---|
| NUST Baluchistan Campus (NBC) | NUST Baluchistan Campus (NBC) | General Stacks | 04/28/2014 | 004.22MAN | RCMS000360 | 04/28/2014 | 04/28/2014 | Book | |||||
| NUST Baluchistan Campus (NBC) | NUST Baluchistan Campus (NBC) | General Stacks | 05/15/2014 | 004.22MAN | RCMS001032 | 05/15/2014 | 05/15/2014 | Book |
